عز یز بگھر وی : (Record no. 190937)

MARC details
000 -LEADER
fixed length control field 00668nam a22001937a 4500
005 - DATE AND TIME OF LATEST TRANSACTION
control field 20220816103258.0
010 ## - LCCN (DPL NO)
LC control number UR-11669
020 ## - INTERNATIONAL STANDARD BOOK NUMBER
International Standard Book Number 9789391238551
Terms of availability 200.00
035 ## - SYSTEM CONTROL NUMBER
System control number U-10224
037 ## - SOURCE OF ACQUISITION
Source of stock number/acquisition DBAD/PUB
Stock number -
082 ## - DEWEY DECIMAL CLASSIFICATION NUMBER
Classification number 841
100 ## - MAIN ENTRY--PERSONAL NAME
Personal name لطیف احمد خا ں
245 ## - TITLE STATEMENT
Title عز یز بگھر وی :
Remainder of title ایک انقلا بی شاعر /
Statement of responsibility, etc لطیف احمد خا ں
246 ## - VARYING FORM OF TITLE
Title proper/short title Aziz Baghrawi: Ek Inqilabi Shair /
Remainder of title by Latif Ahmad Khan
260 ## - PUBLICATION, DISTRIBUTION, ETC. (IMPRINT)
Place of publication, distribution, etc New Delhi
Name of publisher, distributor, etc Educational Publishing House
Date of publication, distribution, etc 2021 ء
270 ## - ADDRESS
Address H.O. D1/16, Ansari Road, Darya Ganj
City New Delhi
Postal code 110002
300 ## - PHYSICAL DESCRIPTION
Extent 112 ص
Dimensions 23cm(Hb)
942 ## - ADDED ENTRY ELEMENTS (KOHA)
Source of classification or shelving scheme Dewey Decimal Classification
Item type Urdu Bks
Classification part 841
Call number suffix ل ط ی
Holdings
Withdrawn status Lost status Not for loan Collection code Home library Current library Date acquired Source of acquisition Cost, normal purchase price Full call number Barcode Copy number Cost, replacement price Koha item type
      Non-fiction Central Library Central Library 16/08/2022 DBAD/PUB 200.00 841 ل ط ی U-10224 1 200.00 Urdu Bks

© Delhi Public Library
Hit Counter
free hit counter